[Event "2nd ITT FENAMAC-B 2020"]
[Site "Toluca"]
[Date "2020.03.15"]
[Round "6.1"]
[White "Fernandez Cardoso, Alexey"]
[Black "Medina Diaz, Rafael Alejandro"]
[Result "1-0"]
[WhiteElo "2424"]
[BlackElo "2308"]
[Annotator "TA"]
[PlyCount "95"]
[EventDate "2020.03.12"]
[EventType "tourn"]
[EventCountry "MEX"]
[SourceTitle "playchess.com"]
[Source "ChessBase"]
[SourceQuality "1"]

{[%evp 19,95,23,40,33,40,22,58,56,60,68,78,54,68,51,104,99,107,106,189,37,20,30,42,44,35,37,94,102,120,120,134,84,185,97,183,177,204,192,515,445,429,421,506,570,533,510,545,544,585,541,539,545,544,532,531,530,520,526,516,509,473,407,478,466,714,730,667,723,660,616,29987,29988,29988,29989,29992,29993,29994,29991]} 1. e4 e6 2. d4 d5 3. Nd2 Nf6 4. e5 Nfd7 5. f4 c5 6. c3 Nc6 7. Ndf3 cxd4 8. cxd4 f5 9. Bd3 Be7 10. Ne2 O-O 11. O-O {C05: French Tarrasch: 3...Nf6 4 e5 Nfd7, 5 f4 and 5 Bd3 sidelines.} Nb6 12. Kh1 a5 13. Rg1 {White is slightly better.} Bd7 14. g4 {[#]} g6 $146 ({Predecessor:} 14... Rc8 15. Rg2 Kh8 16. a3 Qe8 17. Rb1 a4 18. Qe1 Nd8 {½-½ (18) Sosna,J (2406)-Szymanski,M (2422) Brno 2005}) 15. h4 Kh8 16. h5 Be8 (16... gxh5 $14 17. gxf5 (17. gxh5 Qe8 $17) 17... exf5) 17. Qf1 Nb4 {[#]} 18. Bb1 $1 Rc8 (18... gxh5 $16 19. gxf5 exf5) 19. Nc3 $2 (19. gxf5 $18 exf5 20. Qh3) 19... gxh5 $14 20. gxf5 exf5 21. Qh3 {Black must now prevent a3.} Bg6 22. a3 {[%mdl 1024] White has compensation.} Nc6 (22... Na6 $1 $14) 23. Bd3 a4 24. Be3 Na5 25. Bf2 Nbc4 (25... Nac4 $16 {is a better defense.}) 26. Nxa4 (26. Nh4 $18 Rc6 27. Nxa4) 26... Nb3 (26... Qe8 $16) 27. Rae1 $18 b5 28. Nc5 Bxc5 $2 (28... Nxc5 {is tougher.} 29. dxc5 Bxc5 30. Bxc5 Rxc5) 29. dxc5 d4 30. e6 Qd5 31. Bxc4 bxc4 32. Re5 Qb7 33. Kh2 d3 34. Be1 {[#] aiming for Bc3.} d2 35. Nxd2 Nxc5 36. Nxc4 Ne4 37. e7 Rfe8 38. Bc3 $1 Nxc3 39. Qxc3 {White wants to mate with Re6+.} Kg8 40. Rge1 Qa7 41. Qe3 Qb8 (41... Qa6 $142 42. b3 Qf6) 42. Qd4 Qb3 43. Nd6 {[%cal Bc4d6,Bd6e8,Be8f6][%mdl 32]} Rc2+ 44. R1e2 Rb8 45. e8=Q+ {White mates.} Bxe8 46. Nxe8 h4 47. Nf6+ Kg7 48. Qd7+ {Accuracy: White = 83%, Black = 42%.} 1-0

[Event "2nd ITT FENAMAC-B 2020"]
[Site "Toluca"]
[Date "2020.03.15"]
[Round "6.2"]
[White "Garcia Almaguer, Juan Manuel"]
[Black "Guerrero Rodriguez, Alejandra"]
[Result "1-0"]
[WhiteElo "2204"]
[BlackElo "2088"]
[Annotator "TA"]
[PlyCount "115"]
[EventDate "2020.03.12"]
[EventType "tourn"]
[EventCountry "MEX"]
[SourceTitle "playchess.com"]
[Source "ChessBase"]
[SourceQuality "1"]

{[%evp 9,115,4,-2,-14,-7,-27,-6,-31,-18,-25,-4,-13,1,7,50,42,56,56,81,47,43,35,58,15,20,28,20,32,35,-12,92,69,70,70,71,70,70,68,71,72,72,69,100,78,139,139,155,154,150,121,113,137,135,137,121,145,339,341,414,440,427,425,414,389,522,487,383,186,224,223,188,185,148,21,21,8,8,0,22,24,51,8,8,8,8,8,8,8,29973,29976,29970,29972,29972,29974,29976,29977,29975,29978,29976,29979,29984,29985,29984,29985,29987,29988,29988,29989]} 1. d4 e6 2. Nc3 d5 3. Bf4 Bd6 4. e3 Bxf4 5. exf4 Nf6 6. Bd3 {D00: 1 d4 d5: Unusual lines.} b6 {[#]} 7. Qf3 $146 ({Predecessor:} 7. Qe2 O-O 8. g4 c5 9. g5 c4 10. Bxc4 dxc4 11. gxf6 Bb7 12. fxg7 Re8 13. Nf3 {1-0 (27) Bachhuber,D (1897)-Groenegres,T (1720) Pardubice 2018}) 7... Ba6 8. Nge2 {The position is equal.} Bxd3 9. Qxd3 Nbd7 10. f3 c5 11. g4 cxd4 12. Qxd4 Rc8 13. O-O-O Qc7 14. f5 {aiming for fxe6.} e5 15. Qb4 h6 16. Rd2 (16. f4 {is interesting.} Nxg4 17. Rxd5 Qc4 18. Qxc4 Rxc4 19. fxe5 Ngxe5 20. Nd4) 16... a5 $1 {[%cal Ra5b4]} 17. Qa3 Qc5 18. Qxc5 Rxc5 19. f4 e4 (19... d4 $11 {keeps the balance.} 20. Na4 Ne4 21. Nxc5 bxc5) 20. g5 hxg5 21. fxg5 Ng4 22. Nf4 e3 $1 {[%cal Re3d2]} 23. Rxd5 Rxh2 24. Rxh2 Nxh2 25. Rxc5 bxc5 $14 {[%mdl 4096] Endgame KNN-KNN} 26. Ncd5 Ng4 (26... e2 $142 27. Nxe2 Nf3) 27. Kd1 $16 Nde5 28. Ke2 Nc4 29. b3 Nd6 30. Nxe3 Nxe3 31. Kxe3 Nxf5+ {KN-KN} 32. Ke4 Ne7 $2 {[#]} (32... Nd4 $16) 33. Nh5 $1 $18 g6 34. Nf6+ Kd8 35. Ke5 Nf5 36. Ne4 Nd4 37. c4 Ke7 38. Nxc5 (38. Kd5 $142) 38... Nc6+ {[#]} 39. Ke4 $1 f6 40. gxf6+ Kxf6 41. a3 ({Better is} 41. Nd3 $16) 41... g5 $11 42. Nd7+ Ke6 43. Nc5+ Kf6 44. Nd3 {And now b4 would win.} Ke6 45. b4 axb4 46. axb4 {Black must now prevent b5.} g4 47. b5 Na5 48. c5 {Hoping for Nf4+.} Kd7 $2 {[%mdl 8192]} (48... g3 $11) 49. Ne5+ {White mates.} Ke6 50. Nxg4 Nb3 51. c6 Kd6 52. Nf6 Nc5+ 53. Kd4 Ne6+ 54. Kc4 Kc7 55. Kd5 Nf4+ 56. Ke5 Nd3+ 57. Kd4 Nf4 58. Nd5+ {Accuracy: White = 76%, Black = 68%.} 1-0

[Event "2nd ITT FENAMAC-B 2020"]
[Site "Toluca"]
[Date "2020.03.15"]
[Round "6.3"]
[White "Camacho Collados, Marcos"]
[Black "Cofre Archibold, Nestor"]
[Result "1-0"]
[WhiteElo "2409"]
[BlackElo "2304"]
[Annotator "TA"]
[PlyCount "52"]
[EventDate "2020.03.12"]
[EventType "tourn"]
[EventCountry "MEX"]
[SourceTitle "playchess.com"]
[Source "ChessBase"]
[SourceQuality "1"]

{[%evp 13,52,29,54,41,39,43,53,48,87,74,112,114,127,122,116,108,107,98,76,125,168,160,182,80,328,307,408,399,406,392,405,397,1193,1206,1354,1339,1258,1277,1156,881,3708]} 1. e4 d6 2. d4 Nf6 3. Nc3 e5 4. Nf3 Nbd7 5. Bc4 Be7 6. O-O c6 7. a4 h6 8. Re1 {C41: Philidor Defence.} Qc7 9. h3 Nf8 10. a5 {[%cal Ba4a5,Ba5a6][%mdl 32] White is slightly better.} g5 11. d5 {[#]} Rg8 $146 ({Predecessor:} 11... Ng6 12. a6 b5 13. Bb3 Kf8 14. dxc6 Qxc6 15. Nh2 Nf4 16. Ng4 Bxg4 17. hxg4 Rb8 {1-0 (57) Winz,M (2449)-Broeker,C (2375) GER email 2007}) 12. a6 b5 13. Bb3 $36 {[%mdl 2048] White is on the roll.} b4 14. Ba4 Rb8 15. Ne2 Bd7 16. dxc6 Bc8 17. Ng3 Ne6 18. Nf5 (18. Be3 $18 {and White stays clearly on top.}) 18... Bf8 $2 {[#] A mistake that costs the game.} (18... Nc5 $16 {was necessary.}) 19. Be3 $1 $18 Ra8 20. Qd3 g4 21. hxg4 Nxg4 22. Qb5 {aiming for Qb7!} h5 $2 {[#]} (22... Kd8 23. Qxb4 Ng5) 23. Qb7 $3 {[%mdl 512] White is clearly winning.} Be7 (23... Bxb7 24. cxb7+) 24. Qxa8 Nxe3 25. Nxe3 Nf4 26. Qb8 Qd8 {Accuracy: White = 88%, Black = 40%.} 1-0

[Event "2nd ITT FENAMAC-B 2020"]
[Site "Toluca"]
[Date "2020.03.15"]
[Round "6.4"]
[White "Della Morte, Pablo"]
[Black "Dominguez Aguilar, Guillermo"]
[Result "1-0"]
[WhiteElo "2273"]
[BlackElo "2321"]
[Annotator "TA"]
[PlyCount "83"]
[EventDate "2020.03.12"]
[EventType "tourn"]
[EventCountry "MEX"]
[SourceTitle "playchess.com"]
[Source "ChessBase"]
[SourceQuality "1"]

{[%evp 9,83,6,33,33,33,32,32,34,66,66,66,60,66,63,65,63,97,88,77,81,85,59,57,58,102,101,107,106,144,153,160,160,143,158,150,156,183,187,183,183,184,181,180,173,199,194,206,209,226,201,222,209,275,265,308,283,404,397,625,550,585,556,525,530,1600,1576,2153,1877,2444,2240,29977,29977,29991,29992,29994,29995]} 1. e4 c5 2. b3 Nc6 3. Bb2 e6 4. Nf3 a6 5. c4 d6 6. d4 {B40: Sicilian: 2...e6, Unusual lines.} cxd4 7. Nxd4 Nf6 8. Nc3 {White is slightly better.} Qa5 9. Nxc6 bxc6 {[#]} 10. Bd3 $146 ({Predecessor:} 10. Qd2 Be7 11. g3 O-O 12. Bg2 Bb7 13. O-O Rfd8 14. Rfd1 Qc7 15. Rac1 c5 16. Qe2 {½-½ (43) Majeric,Z (2270)-Loncar,R (2405) Zagreb 2013}) 10... e5 11. O-O Be7 12. Na4 Bg4 13. Qc2 Nd7 14. Bc3 Qc7 15. f4 {aiming for h3.} f6 16. f5 g5 {White stays focused until the end.} 17. Be2 $36 {[%mdl 2048] White is on the roll.} Qa7+ 18. Kh1 h5 19. Bxg4 hxg4 {[#]} 20. Be1 $1 Kf7 21. Bf2 Qb7 22. Qe2 c5 23. Qxg4 Nb8 24. Nc3 Nc6 25. Nd5 a5 26. Qe2 Nd4 27. Bxd4 exd4 28. Rab1 Rh7 29. g3 Rah8 {[#]} 30. Rf2 $1 Bd8 31. a3 Rh3 {intending ...Rxg3.} 32. Kg1 Qd7 (32... Qa7 $142 33. Qd3 Bc7) 33. b4 $18 Qa4 (33... Re8 $142 34. b5 Be7) 34. Qd3 axb4 35. axb4 cxb4 36. Rxb4 Qa7 37. Qb1 Qa3 38. Rb3 Qc5 39. Rb7+ Kf8 {[#]} 40. Rb8 $1 {White mates.} Kg7 41. Qb7+ Kh6 42. Qf7 {Accuracy: White = 94%, Black = 44%.} 1-0

[Event "2nd ITT FENAMAC-B 2020"]
[Site "Toluca"]
[Date "2020.03.15"]
[Round "6.5"]
[White "Tello Chavez, Isaac Valent"]
[Black "Garcia Guerrero, Isaac Antonio"]
[Result "1/2-1/2"]
[WhiteElo "2270"]
[BlackElo "2271"]
[Annotator "TA"]
[PlyCount "88"]
[EventDate "2020.03.12"]
[EventType "tourn"]
[EventCountry "MEX"]
[SourceTitle "playchess.com"]
[Source "ChessBase"]
[SourceQuality "1"]

{[%evp 9,88,-11,0,-3,2,-12,-10,-8,4,-16,-12,-22,3,-7,-14,-19,1,-62,-62,-69,-62,-123,-129,-134,-79,-143,-100,-113,-115,-112,-114,-111,-84,-138,-115,-108,-58,-92,-35,-96,-103,-116,-110,-124,-99,-87,0,-64,0,-18,0,-62,-62,-132,-160,-154,-156,-134,-126,-126,-126,-141,-146,-128,-74,-219,-212,-215,-219,-210,-96,-106,-99,-107,-83,-88,-88,-90,0,0,0]} 1. c4 c5 2. g3 g6 3. Bg2 Bg7 4. Nc3 Nc6 5. Nh3 e5 6. d3 {A36: Symmetrical English vs ...g6: 4 Bg2 Bg7.} Nge7 7. O-O d6 8. Rb1 O-O 9. f4 {[#]} Rb8 $146 ({Predecessor:} 9... h6 10. Kh1 Be6 11. Nd5 Nb4 12. Nxb4 cxb4 13. Ng1 d5 14. b3 exf4 15. gxf4 a5 16. Nf3 dxc4 17. bxc4 {1-0 (38) Tazbir,M (2517)-Sadowski,M (2106) Jastrzebia Gora 2015}) 10. e4 f5 11. Be3 a6 12. Nd5 b5 13. fxe5 (13. Qd2 $11) 13... Nxd5 $15 14. cxd5 Nxe5 15. Kh1 (15. Nf2 $15) 15... fxe4 $17 16. dxe4 Bg4 (16... Rxf1+ $142 $1 17. Qxf1 Rb7) 17. Qe1 (17. Qc2 $142) 17... Nc4 18. Nf2 Nxe3 19. Qxe3 Bd7 20. Nd3 Qe7 21. Rfe1 (21. b3 $142) 21... Rbe8 22. Qd2 Be5 23. Qa5 Bc8 (23... Bd4 $17) 24. Rf1 ({Better is} 24. Nxe5 $15 Qxe5 25. Rf1) 24... Bd4 25. Qb6 Rxf1+ 26. Rxf1 Bg4 {White must now prevent ...Be2.} 27. Re1 Qf6 {[#]} (27... Rf8 $17 28. Qxa6 Qd7) 28. Qxa6 (28. e5 $1 $11 {[%mdl 512]} Bxe5 29. Qxa6) 28... b4 (28... Rf8 $15 29. Qxb5 Bf3) 29. Qc6 Rc8 30. Qb7 (30. Qa6 $1 $11) 30... Rf8 $36 {[%mdl 2048] And now ...Bf3 would win. Black fights for an advantage.} 31. e5 ({White should try} 31. Nf4 $1 $15) 31... dxe5 $17 {Strongly threatening ...Bf3.} 32. d6 Qxd6 33. Nxe5 Bxe5 34. Qd5+ Qxd5 35. Bxd5+ Kg7 36. Rxe5 {[%mdl 4096] Endgame [#] KRB-KRB} Kf6 (36... Rf1+ $142 $1 37. Kg2 Rb1) 37. Re3 (37. Re1 $17 {is the only way for White.}) 37... Rd8 $19 38. Bf3 Be6 39. a3 {[#]} bxa3 (39... b3 $1 $19 {and Black stays clearly on top. ...Rd2 is the strong threat.} 40. Re2 c4) 40. bxa3 Rd2 41. Kg1 c4 42. a4 Ra2 43. Bc6 Bf5 ({Black should play} 43... Rb2 $17) 44. Rc3 $1 $11 Be6 {Accuracy: White = 62%, Black = 67%.} 1/2-1/2

[Event "2nd ITT FENAMAC-B 2020"]
[Site "Toluca"]
[Date "2020.03.15"]
[Round "7.1"]
[White "Garcia Guerrero, Isaac Antonio"]
[Black "Fernandez Cardoso, Alexey"]
[Result "1/2-1/2"]
[WhiteElo "2271"]
[BlackElo "2424"]
[Annotator "TA"]
[PlyCount "17"]
[EventDate "2020.03.12"]
[EventType "tourn"]
[EventCountry "MEX"]
[SourceTitle "playchess.com"]
[Source "ChessBase"]
[SourceQuality "1"]

{[%evp 16,17,0,-45]} 1. d4 d5 2. Nf3 Nf6 3. c4 c6 4. Nc3 e6 5. Bg5 h6 6. Bh4 dxc4 7. e4 g5 8. Bg3 b5 {[#]} 9. e5 $146 ({Predecessor:} 9. h4 g4 10. Ne5 Nbd7 11. Be2 Bb7 12. Nxd7 Qxd7 13. Be5 Qe7 14. b3 Rg8 15. Qc2 b4 16. Na4 c3 17. a3 {1-0 (80) Carlsen,M (2876)-Matlakov,M (2716) Douglas 2019}) 1/2-1/2

[Event "2nd ITT FENAMAC-B 2020"]
[Site "Toluca"]
[Date "2020.03.15"]
[Round "7.2"]
[White "Dominguez Aguilar, Guillermo"]
[Black "Tello Chavez, Isaac Valent"]
[Result "1/2-1/2"]
[WhiteElo "2321"]
[BlackElo "2270"]
[Annotator "TA"]
[PlyCount "58"]
[EventDate "2020.03.12"]
[EventType "tourn"]
[EventCountry "MEX"]
[SourceTitle "playchess.com"]
[Source "ChessBase"]
[SourceQuality "1"]

{[%evp 9,58,7,0,0,15,6,4,7,8,-25,0,-33,-12,-85,-68,-58,-32,-38,-36,-93,-81,-112,-113,-99,-111,-112,-87,-116,-101,-140,-97,-149,-161,-147,-143,-152,-158,-144,-142,-168,-164,-195,-195,-198,-185,-155,-105,-135,-127,-269,-256]} 1. e4 c6 2. Nf3 d5 3. d3 g6 4. Be2 Bg7 5. Nbd2 e5 6. a4 {B10: Caro-Kann: 2 d3 and 2 c4.} Ne7 {[#]} 7. h4 $146 ({Predecessor:} 7. O-O O-O 8. b4 f5 9. Bb2 Qc7 10. Re1 Kh8 11. Bf1 fxe4 12. dxe4 d4 13. c3 dxc3 14. Bxc3 {1-0 (21) Shchekachev,A (2546)-Konings,L (2293) Amsterdam 2001}) 7... h6 8. h5 {The position is equal.} g5 9. b3 Be6 10. Bb2 Nd7 11. d4 (11. O-O $11) 11... Qc7 $1 $17 12. dxe5 Nxe5 13. Nd4 Bd7 14. Qc1 ({White should play} 14. c4 $15) 14... f5 15. exf5 Nxf5 16. Nxf5 Bxf5 17. O-O O-O-O 18. a5 Rhe8 19. Ra4 c5 20. a6 {[#]} ({White should try} 20. f4 Ng6 21. Bxg7 Rxe2 22. hxg6 Qxg7 23. Re1 Rxe1+ 24. Qxe1) 20... b6 $1 21. Bxe5 Bxe5 22. Qd1 Kb8 23. Bg4 Bh7 24. Kh1 Re7 25. Nf3 {[%cal Bd2f3,Bf3g1,Bg1e2][%mdl 32]} Bc3 26. Ng1 b5 27. Ra2 Qe5 28. Ne2 {[#]} Kc7 $1 29. b4 (29. Nxc3 $17 {might work better.} Qxc3 30. Kh2) 29... cxb4 {[%mdl 32768] Accuracy: White = 48%, Black = 81%. . An unexpected result.} ({Less strong is} 29... Bxb4 30. c3 $19) 1/2-1/2

[Event "2nd ITT FENAMAC-B 2020"]
[Site "Toluca"]
[Date "2020.03.15"]
[Round "7.3"]
[White "Cofre Archibold, Nestor"]
[Black "Della Morte, Pablo"]
[Result "0-1"]
[WhiteElo "2304"]
[BlackElo "2273"]
[Annotator "ChessBase"]
[PlyCount "56"]
[EventDate "2020.03.12"]
[EventType "tourn"]
[EventCountry "MEX"]
[SourceTitle "playchess.com"]
[Source "ChessBase"]
[SourceQuality "1"]
[TimeControl "5400+30"]

1. d4 {[%emt 0:00:48]} Nf6 {[%emt 0:00:26]} 2. c4 {[%emt 0:00:05]} e6 {[%emt 0:00:08]} 3. g3 {[%emt 0:00:11]} Bb4+ {[%emt 0:04:51]} 4. Bd2 {[%emt 0:00:10]} c5 {[%emt 0:00:14]} 5. Bg2 {[%emt 0:00:44]} O-O {[%emt 0:00:35]} 6. Bxb4 {[%emt 0:00:22]} cxb4 {[%emt 0:00:09]} 7. e4 {[%emt 0:00:02]} d6 {[%emt 0:00:22]} 8. Ne2 {[%emt 0:00:39]} e5 {[%emt 0:01:16]} 9. h3 {[%emt 0:01:29]} Re8 {[%emt 0:05:21]} 10. d5 {[%emt 0:17:02]} a5 {[%emt 0:00:22]} 11. O-O {[%emt 0:00:43]} Na6 {[%emt 0:00:25]} 12. Nd2 {[%emt 0:10:09]} Nc5 {[%emt 0:00:51]} 13. a4 {[%emt 0:08:52]} Bd7 {[%emt 0:15:54]} 14. b3 {[%emt 0:00:14]} h5 {[%emt 0:09:00]} 15. Kh2 {[%emt 0:04:47]} Nh7 {[%emt 0:02:41]} 16. Qc2 {[%emt 0:11:05]} g6 {[%emt 0:05:33]} 17. f4 {[%emt 0:08:35]} exf4 {[%emt 0:00:59]} 18. Nxf4 {[%emt 0:02:14]} Qe7 {[%emt 0:01:01]} 19. Rae1 {[%emt 0:03:05]} h4 {[%emt 0:00:58]} 20. Re3 {[%emt 0:05:37]} hxg3+ {[%emt 0:05:17]} 21. Rxg3 {[%emt 0:00:18]} Qe5 {[%emt 0:01:46]} 22. Nd3 {[%emt 0:03:01]} Nxd3 {[%emt 0:00:51]} 23. Qxd3 {[%emt 0:00:08]} Nf6 {[%emt 0:02:24]} 24. Bf3 {[%emt 0:05:30]} Kg7 {[%emt 0:00:36]} 25. Kg2 {[%emt 0:02:14]} Rh8 {[%emt 0:01:13]} 26. Bd1 {[%emt 0:00:08]} Bxh3+ {[%emt 0:02:09]} 27. Rxh3 {[%emt 0:04:56]} Rxh3 {[%emt 0:00:07]} 28. Qxh3 {[%emt 0:00:03]} Qg5+ {[%emt 0:00:06]} 0-1

[Event "2nd ITT FENAMAC-B 2020"]
[Site "Toluca"]
[Date "2020.03.15"]
[Round "7.4"]
[White "Guerrero Rodriguez, Alejandra"]
[Black "Camacho Collados, Marcos"]
[Result "0-1"]
[WhiteElo "2088"]
[BlackElo "2409"]
[Annotator "TA"]
[PlyCount "66"]
[EventDate "2020.03.12"]
[EventType "tourn"]
[EventCountry "MEX"]
[SourceTitle "playchess.com"]
[Source "ChessBase"]
[SourceQuality "1"]

{[%evp 11,66,30,32,0,-1,-3,0,0,16,-11,-1,-89,-105,-142,-154,-172,-178,-165,-96,-105,-65,-120,-109,-265,-228,-360,-366,-364,-358,-329,-296,-260,-210,-179,-179,-260,-253,-269,-259,-268,-247,-297,-292,-313,-325,-340,-344,-439,-430,-422,-445,-466,-460,-448,-419,-487,-487]} 1. e4 c6 2. d4 g6 3. Nc3 Bg7 4. Be3 d5 5. Qd2 dxe4 6. Nxe4 Nd7 {[%cal Bb8d7,Bd7b6,Bb6d5][%mdl 32]} 7. Bc4 {B15: Caro-Kann: 3 Nc3: 3...g6 and 3...dxe4 4 Nxe4 Nf6 5 Nxf6+ exf6.} Nb6 8. Bb3 a5 {[#] Hoping for ...a4.} 9. a4 $146 {The position is equal.} ({Predecessor:} 9. a3 Nd5 10. Bg5 h6 11. Bh4 Bf5 12. Nc3 Nxc3 13. bxc3 Nf6 14. f3 a4 15. Bc4 {0-1 (31) Stratonowitsch,A (2138)-Lalith,B (2587) Doha 2016}) 9... Nd5 10. Bg5 h6 11. Bh4 (11. Be3 $1 $11 {remains equal.}) 11... f5 $36 {[%mdl 2048] Black is really pushing.} 12. Ng3 g5 13. Bxg5 hxg5 14. Qxg5 Kf7 (14... Bf6 $19 15. Qd2 f4) 15. Nf3 Nh6 16. O-O-O ({Better is} 16. Nh5 $15 Bf6 17. Qd2) 16... e6 17. Qh5+ $2 {Loses the game.} (17. Qd2 $17) 17... Kf8 18. Nh4 (18. Ne5 {is a better defense.} Bxe5 19. dxe5) 18... Kg8 $19 {Strongly threatening ...Ng4.} 19. Ng6 Rh7 20. Bxd5 {And now Bb3 would win.} cxd5 21. Qf3 Qg5+ 22. Nf4 Ng4 23. h4 {[#]} (23. Kb1 $142) 23... Qxf4+ $1 {[%mdl 512]} 24. Qxf4 Bh6 25. Qxh6 Rxh6 26. Rd2 Bd7 27. f3 Ne3 ({And not} 27... Bxa4 28. fxg4 fxg4 29. Rf2 $14) 28. Ne2 Nxg2 ({But not} 28... Bxa4 29. Nf4 $19) 29. h5 {intending Rg1.} Kf7 30. Nc3 Nf4 31. Rh4 Nxh5 32. Rdh2 Rah8 33. Ne2 R6h7 {Accuracy: White = 46%, Black = 84%.} 0-1

[Event "2nd ITT FENAMAC-B 2020"]
[Site "Toluca"]
[Date "2020.03.15"]
[Round "7.5"]
[White "Medina Diaz, Rafael Alejandro"]
[Black "Garcia Almaguer, Juan Manuel"]
[Result "1/2-1/2"]
[WhiteElo "2308"]
[BlackElo "2204"]
[Annotator "TA"]
[PlyCount "71"]
[EventDate "2020.03.12"]
[EventType "tourn"]
[EventCountry "MEX"]
[SourceTitle "playchess.com"]
[Source "ChessBase"]
[SourceQuality "1"]

{[%evp 16,71,0,0,18,21,15,-34,-23,-34,-38,-52,-52,-47,-54,-67,-63,-107,-118,-110,-106,-110,-98,-160,-135,-166,-184,-170,-147,-134,-147,-347,-123,-121,-120,-125,-119,-100,-74,-74,-77,-73,-72,-84,-74,-85,-92,-86,-58,-58,-55,-47,-48,-63,-8,-8,-8,-205]} 1. e4 e5 2. Nf3 Nc6 3. d4 exd4 4. Nxd4 Nf6 5. Nxc6 bxc6 6. e5 Qe7 7. Qe2 Nd5 8. c4 Ba6 9. Nd2 f6 {C45: Scotch Game.} 10. exf6 Nxf6 {[#]} 11. Nf3 $146 ({Predecessor:} 11. b3 O-O-O 12. Bb2 Qxe2+ 13. Bxe2 Re8 14. Kd1 Bd6 15. Bf3 Be5 16. Kc2 c5 17. Bxe5 Rxe5 {½-½ (31) Zhou,Y (2434)-Taylor,A (2331) London 2018}) 11... O-O-O {Threatening ...Qb4+.Black is slightly better.} 12. Qxe7 Bxe7 13. Be3 Ng4 14. Bd4 Bf6 $36 {[%mdl 2048] Black is more active.} 15. Be2 Rhe8 {Threatens to win with ...Bxc4.} 16. Kf1 d5 17. Rc1 dxc4 18. Bc3 c5 19. h4 {[#]} (19. h3 $142 Bxc3 20. Rxc3) 19... h5 $1 $17 20. Rh3 {[#]} Bd4 $1 21. Rg3 Bxf2 22. Rxg4 hxg4 23. Ne5 $2 (23. Kxf2 $17 gxf3 24. gxf3) 23... Rxe5 $2 ({Don't take} 23... Bxh4 24. Bxg4+ Kb7 25. Nd7) (23... Bd4 $19 {has better winning chances.} 24. Bxg4+ Kb7) 24. Bxe5 Bxh4 {...Rf8+ is the strong threat.} 25. Bxg7 Rg8 26. Bh6 Bf6 {Hoping for ...Rg6.} 27. Bxc4 Bxc4+ 28. Rxc4 Bxb2 29. Rxc5 {[%mdl 4096] Endgame KRB-KRB} Bd4 30. Rd5 c5 31. Ke2 Rg6 32. Bf8 Ra6 33. Bxc5 Rxa2+ 34. Kf1 Bxc5 (34... Ba1 $15) 35. Rxc5+ $11 Kb7 36. Rc3 $2 {Accuracy: White = 64%, Black = 78%.} (36. Rc4 $1 $11) 1/2-1/2

[Event "2nd ITT FENAMAC-B 2020"]
[Site "Toluca"]
[Date "2020.03.16"]
[Round "8.1"]
[White "Fernandez Cardoso, Alexey"]
[Black "Garcia Almaguer, Juan Manuel"]
[Result "1-0"]
[WhiteElo "2424"]
[BlackElo "2204"]
[Annotator "TA"]
[PlyCount "63"]
[EventDate "2020.03.12"]
[EventType "tourn"]
[EventCountry "MEX"]
[SourceTitle "playchess.com"]
[Source "ChessBase"]
[SourceQuality "1"]

{[%evp 24,63,50,25,53,47,106,89,104,32,32,24,29,33,28,24,55,42,196,189,178,189,179,181,183,187,267,271,250,218,752,706,29966,29967,29969,29973,29969,29974,29969,29975,29972,6468]} 1. e4 e5 2. Nf3 Nc6 3. Bb5 a6 4. Ba4 Nf6 5. O-O Be7 6. Re1 b5 7. Bb3 O-O 8. c3 d5 9. exd5 Nxd5 10. Nxe5 Nxe5 11. Rxe5 c6 12. Re1 Bd6 13. g3 Ra7 {C89: Closed Ruy Lopez: Marshall Attack.} 14. d4 {[#]} f5 $146 (14... Re8 $14) ({Predecessor:} 14... Re8 15. Rxe8+ Qxe8 16. Bd2 Re7 17. Na3 Bb7 18. c4 Bxa3 19. bxa3 bxc4 20. Bxc4 Qd7 21. Rb1 {1-0 (45) Lagemann,T-Ster,P DESC email 2000}) 15. f4 g5 {[%cal Rg5f4] White is better.} 16. Qf3 (16. Qh5 $16) 16... Re7 $14 17. Rxe7 Qxe7 18. Bxd5+ cxd5 19. Qf2 ({Not} 19. Qxd5+ $2 Kh8 $19) 19... h5 20. fxg5 {aiming for Bf4.} f4 $2 {This move loses the game for Black.} ({Black should try} 20... Re8 $14) 21. Bxf4 $18 Bxf4 22. gxf4 Qd6 23. Nd2 Rxf4 24. Qe3 Bf5 (24... Rg4+ $142 25. Kh1 Qe6 26. Qxe6+ Bxe6) 25. Qe8+ Kg7 {[#]} 26. Re1 $1 {[%cal Re1e7]} ({Don't blunder} 26. Qxh5 $2 Qe7 $19) 26... Rg4+ $2 (26... Bg6 27. Qe5+ Qxe5 28. Rxe5 h4 29. Rxd5 Bf7) 27. Kh1 {And now Re7+ would win.} Be4+ 28. Nxe4 {White mates.} dxe4 29. Rf1 Rf4 {[#]} 30. Rxf4 $1 Qxf4 31. Qe5+ Qxe5 32. dxe5 {Accuracy: White = 91%, Black = 33%.} 1-0